00624nam a22001697a 450000500170000000800410001702000180005804000070007604100080008308200240009110000120011524501370012726000510026430000240031536500620033965000530040120241206161653.0241206b ||||| |||| 00| 0 eng d a9789357784023 cAL aeng 223a347.06054bTAXT aTaxmann aTaxmanns bharatiya sakshya adhiniyam 2023b: with comparative study of bharatiya sakshya adhiniyam 2023 and Indian evidence act 1872 aNew DelhibTaxmann Publications Pvt. Ltdc2024 a224p.bPBc24x16cm. 2Generala1060b₹142.35c₹d₹195.00e27%f28-11-2024 2Courts and ProcedureaSocieties, bar Association